Top Goalscorers in the Champions League for Manchester United - Statistics

General Stats
  • This quiz has been taken 315 times
  • The average score is 14 of 20
Answer Stats
# Goals Matches Years Answer % Correct
2 30 85 2004-2017 Wayne Rooney
99%
5 21 59 2003-'09, 2021-'22 Cristiano Ronaldo
98%
3 28 145 1990-2014 Ryan Giggs
93%
4 24 124 1993-2013 Paul Scholes
91%
1 35 43 2001-2006 Ruud van Nistelrooy
89%
12 12 29 2015- Marcus Rashford
88%
10 14 77 1992-2003 David Beckham
81%
7 18 48 1995-2001 Andy Cole
78%
15 10 28 1956-1973 Sir Bobby Charlton
78%
18 7 12 2012-2015 Robin van Persie
77%
6 19 77 1996-2007 Ole Gunnar Solskjaer
73%
14 11 36 1998-2002 Dwight Yorke
71%
17 9 30 1997-2001 Teddy Sheringham
70%
16 9 21 1963-1974 George Best
67%
9 14 74 1993-2005 Roy Keane
63%
8 14 18 1962-1973 Denis Law
56%
19 7 17 2017-2019 Romelu Lukaku
52%
20 7 24 2010-2015 Javier Hernández
35%
11 13 12 1953-1962 Dennis Viollet
17%
13 11 14 1953-1958 Tommy Taylor
11%
No matching quizzes found
Score Distribution
Percent of People with Each Score
Percentile by Number Answered
Your Score History
You have not taken this quiz